Loading...
| History - Other | 0 | 7 | 1 | 0 | 65 | 25 | 50.00 | 7 | 7 | 0.00 | 0.00 |
| History - European | 0 | 6 | 2 | 0 | 50 | 18 | 57.50 | 5 | 6 | 0.00 | 0.00 |
| History - World | 0 | 7 | 4 | 2 | 50 | 37 | 96.43 | 4 | 7 | 0.00 | 0.00 |
| History - American | 0 | 5 | 2 | 0 | 40 | 30 | 77.20 | 3 | 4 | 0.00 | 0.00 |
| Social Science | 0 | 2 | 0 | 1 | 20 | 102 | 110.50 | 0 | 2 | 0.00 | 0.00 |
| Literature - European | 0 | 2 | 0 | 0 | 20 | 37 | 81.50 | 1 | 2 | 0.00 | 0.00 |
| Religion | 0 | 2 | 0 | 0 | 20 | 21 | 64.50 | 2 | 2 | 0.00 | 0.00 |
| Literature - American | 0 | 2 | 1 | 1 | 15 | 87 | 108.50 | 0 | 2 | 0.00 | 0.00 |
| Current Events | 0 | 2 | 1 | 0 | 15 | 89 | 92.00 | 1 | 2 | 0.00 | 0.00 |
| Geography | 0 | 2 | 1 | 0 | 15 | 45 | 53.00 | 2 | 2 | 0.00 | 0.00 |
| Fine Arts - Other | 0 | 2 | 1 | 0 | 15 | 81 | 84.50 | 2 | 2 | 0.00 | 0.00 |
| Other Academic | 0 | 1 | 0 | 0 | 10 | 49 | 49.00 | 1 | 1 | 0.00 | 0.00 |
| Pop Culture | 0 | 1 | 0 | 0 | 10 | 63 | 63.00 | 0 | 1 | 0.00 | 0.00 |
| Science - Biology | 0 | 1 | 0 | 1 | 10 | 116 | 116.00 | 0 | 0 | 0.00 | 0.00 |
| Literature - World | 0 | 1 | 0 | 1 | 10 | 140 | 140.00 | 0 | 0 | 0.00 | 0.00 |
| Mythology | 0 | 0 | 2 | 0 | -10 | 0.00 | 0 | 0 | 0.00 | 0.00 |